LIBRARY & INFORMATION CENTRE, KCAET, TAVANUR

ONLINE PUBLIC ACCESS CATALOGUE (OPAC)

Treasure Island / (Record no. 891)

MARC details
000 -LEADER
fixed length control field 00476cam a2200193ua 4500
041 ## - LANGUAGE CODE
Language code of text/sound track or separate title eng
082 ## - DEWEY DECIMAL CLASSIFICATION NUMBER
Classification number 823.308
Item number STE/TR
100 ## - MAIN ENTRY--AUTHOR NAME
Personal name Stevenson, Robert Louis .
245 ## - TITLE STATEMENT
Title Treasure Island /
250 ## - EDITION STATEMENT
Edition statement 1 /
260 ## - PUBLICATION, DISTRIBUTION, ETC. (IMPRINT)
Place of publication London :
Name of publisher E J Arnold & Son Ltd ,
Year of publication 1963.
300 ## - PHYSICAL DESCRIPTION
Number of Pages 96 ; .
942 ## - ADDED ENTRY ELEMENTS (KOHA)
Koha item type Books
Holdings
Withdrawn status Lost status Damaged status Home library Current library Date acquired Full call number Accession Number Koha item type
Withdrawn     KAUAET Central Prison Tavanur 07/04/2012 823.308 11044 Books
Withdrawn     KAUAET KAUAET 07/04/2012 823.308 10945 Books
Withdrawn     KAUAET Sanskrit University 07/04/2012 823.308 5058 Books
Withdrawn     KAUAET Sanskrit University 07/04/2012 823.308 10388 Books
free website counter